[Event "MNT-ch 65th"]
[Site "Cetinje"]
[Date "2013.07.22"]
[Round "3"]
[White "Lekic, Lazar"]
[Black "Radosevic, Nevena"]
[Result "1-0"]
[WhiteElo "2054"]
[BlackElo "1463"]
[PlyCount "45"]
[EventDate "2013.07.20"]
[EventType "swiss"]
[EventRounds "9"]
[EventCountry "MNE"]
[SourceTitle "CBM 155 Extra"]
[Source "ChessBase"]
[SourceDate "2013.08.26"]
[SourceVersion "1"]
[SourceVersionDate "2013.08.26"]
[SourceQuality "1"]

1. e4 c5 2. Nf3 e6 3. d4 cxd4 4. Nxd4 Nc6 5. Nc3 Qc7 6. Be3 Nf6 7. Bd3 a6 8. 0-0 Be7 9. f4 d6 10. Qf3 h5 11. Nxc6 bxc6 12. e5 Nd5 13. Nxd5 cxd5 14. Bd4 Kf8 15. Qg3 dxe5 16. fxe5 Bc5 17. c3 Bd7 18. Qg6 Bxd4+ 19. cxd4 Bc8 20. Rf3 Rh6 21. Qg5 Qe7 22. Rxf7+ Qxf7 23. Qd8+ 1-0

[Event "MNT-ch 65th"]
[Site "Cetinje"]
[Date "2013.07.20"]
[Round "1"]
[White "Radosevic, Nevena"]
[Black "Djokovic, Mirsad"]
[Result "0-1"]
[WhiteElo "1463"]
[BlackElo "2106"]
[PlyCount "76"]
[EventDate "2013.07.20"]
[EventType "swiss"]
[EventRounds "9"]
[EventCountry "MNE"]
[SourceTitle "CBM 155 Extra"]
[Source "ChessBase"]
[SourceDate "2013.08.26"]
[SourceVersion "1"]
[SourceVersionDate "2013.08.26"]
[SourceQuality "1"]

1. d4 e6 2. c4 c5 3. Nf3 cxd4 4. Nxd4 Qb6 5. e3 Nf6 6. Nc3 Bb4 7. Bd2 Nc6 8. Qb3 Nxd4 9. exd4 Bxc3 10. Bxc3 Qxb3 11. axb3 d5 12. Bd3 Bd7 13. 0-0 0-0 14. Rfe1 Bc6 15. f3 Rfd8 16. Kf2 Nd7 17. h4 Re8 18. g4 a6 19. h5 Rac8 20. h6 g6 21. Rad1 f6 22. Re2 Kf7 23. Rde1 Nb6 24. f4 Bd7 25. c5 Na8 26. Ba5 Re7 27. Bb4 Bc6 28. f5 Rce8 29. fxe6+ Kg8 30. Kg3 Nc7 31. Kh4 Rxe6 32. g5 Rxe2 33. Rxe2 fxg5+ 34. Kxg5 Ne6+ 35. Kf6 Nxd4 36. Rxe8+ Bxe8 37. Ke5 Nc6+ 38. Kxd5 Nxb4+ 0-1

[Event "MNT-chT (Women)"]
[Site "Podgorica"]
[Date "2011.10.07"]
[Round "1.2"]
[White "Radosevic, Nevena"]
[Black "Tomovic, Savica"]
[Result "0-1"]
[WhiteElo "1446"]
[BlackElo "1760"]
[PlyCount "76"]
[EventDate "2011.10.07"]
[EventType "team-tourn"]
[EventRounds "3"]
[EventCountry "MNE"]
[SourceTitle "EXT 2012"]
[Source "ChessBase"]
[SourceDate "2011.11.24"]
[SourceVersion "1"]
[SourceVersionDate "2011.11.24"]
[SourceQuality "1"]
[WhiteTeam "Oss (W)"]
[BlackTeam "Dijagonale (W)"]
[WhiteTeamCountry "MNE"]
[BlackTeamCountry "MNE"]

1. d4 Nf6 2. c4 e6 3. Nc3 d5 4. Bg5 Be7 5. Nf3 Nbd7 6. e3 0-0 7. Qc2 b6 8. cxd5 exd5 9. Bd3 h6 10. Bf4 Bb7 11. 0-0 c5 12. dxc5 bxc5 13. Qb3 Nb6 14. Be2 Bd6 15. Bxd6 Qxd6 16. Nb5 Qe7 17. Nxa7 Rxa7 18. Qxb6 Rfa8 19. a3 Ba6 20. Bxa6 Rxa6 21. Qb3 R6a7 22. Rfd1 Rb7 23. Qc2 Rab8 24. Rab1 Rb3 25. Nd2 R3b5 26. Nf3 Qb7 27. Rd2 Ne4 28. Re2 c4 29. Nd4 Rb6 30. f3 Nc5 31. e4 Nd3 32. exd5 Qxd5 33. Re4 Rxb2 34. Rxb2 Rxb2 35. Qd1 Ra2 36. Qb1 Rxa3 37. Nc2 Rb3 38. Qd1 Qb7 0-1